[Event "ICS Rated blitz match"]
[Site "204.178.125.65"]
[Date "1999.09.22"]
[Round "?"]
[White "Hossa"]
[Black "prg3"]
[Result "1-0"]
[WhiteElo "2140"]
[BlackElo "1992"]
[PlyCount "85"]
[EventDate "1999.??.??"]

1. Nf3 d5 2. g3 Nf6 3. Bg2 c6 4. O-O Nbd7 5. d4 g6 6. c4 Bg7 7. cxd5 cxd5 8.
Nc3 O-O 9. Bf4 a6 10. Rc1 b5 11. Qd2 Bb7 12. Bh6 Ne4 13. Nxe4 dxe4 14. Bxg7
Kxg7 15. Ng5 Nf6 16. Qe3 Qd5 17. Rc7 Rab8 18. Rxe7 Qxa2 19. Ne6+ Kg8 20. Nxf8
Nd5 21. Rxb7 Nxe3 22. Rxb8 Kg7 23. fxe3 Qxb2 24. Kf2 a5 25. Bxe4 b4 26. g4 Qd2
27. Ra1 b3 28. Ra8 b2 29. R1xa5 Qb4 30. Bb1 Qb3 31. Ra2 Qd1 32. Rxb2 Qh1 33.
Rab8 Qxh2+ 34. Kf3 Qh3+ 35. Kf4 Qh2+ 36. Ke4 Qg2+ 37. Kd3 Qxg4 38. R2b7 h5 39.
Kd2 h4 40. Nxg6 h3 41. Rxf7+ Kh6 42. Rh8+ Kg5 43. Nf4 {prg3 resigns} 1-0

[Event "ICS Rated blitz match"]
[Site "204.178.125.65"]
[Date "1999.09.22"]
[Round "?"]
[White "Hossa"]
[Black "prg3"]
[Result "1-0"]
[WhiteElo "2058"]
[BlackElo "2069"]
[PlyCount "53"]
[EventDate "1999.??.??"]

1. d4 d5 2. c4 c6 3. Nc3 Nf6 4. Nf3 dxc4 5. e3 b5 6. a4 Nd5 7. Be2 Bb7 8. O-O
e6 9. e4 Nxc3 10. bxc3 Be7 11. Rb1 Qc8 12. axb5 cxb5 13. Rxb5 Bxe4 14. Ne5 Bd5
15. Rxb8 Rxb8 16. Qa4+ Kf8 17. Nd7+ Kg8 18. Nxb8 Qxb8 19. Qd7 Bd6 20. f4 g6 21.
Qa4 Kg7 22. Bxc4 Bxc4 23. Qxc4 Rc8 24. Qd3 Qb3 25. Bd2 a5 26. Qa6 Rxc3 27. Bxc3
{prg3 resigns} 1-0

[Event "ICS Rated blitz match"]
[Site "204.178.125.65"]
[Date "1999.10.18"]
[Round "?"]
[White "Hossa"]
[Black "rb"]
[Result "1/2-1/2"]
[WhiteElo "2453"]
[BlackElo "2420"]
[PlyCount "81"]
[EventDate "1999.??.??"]

1. d4 Nf6 2. Nf3 d5 3. e3 Bg4 4. h3 Bxf3 5. gxf3 e6 6. c4 Bb4+ 7. Nd2 c6 8. Bd3
dxc4 9. Bxc4 Ba5 10. O-O Nd5 11. Nb3 Qg5+ 12. Kh1 Bc7 13. Rg1 Qh5 14. Bf1 g6
15. Nc5 b6 16. Nd3 f5 17. Bd2 Rf8 18. Rc1 g5 19. Nb4 Rf6 20. Nxc6 Nxc6 21. Rxc6
Rc8 22. Bg2 Rh6 23. Qa4 Kd8 24. Qxa7 Qh4 25. Rf1 Ne7 26. Rxc7 Rxc7 27. Qxb6 Nc8
28. Qa5 Kd7 29. Qa4+ Ke7 30. Ba5 Rd7 31. Bb4+ Nd6 32. Kg1 g4 33. Bxd6+ Rxd6 34.
Qa7+ Rd7 35. Qc5+ Kf7 36. fxg4 fxg4 37. Qc6 Ke7 38. Qc5+ Kf7 39. Qc6 Ke7 40.
Qc5+ Kf7 41. Qc6 {Game drawn by repetition} 1/2-1/2

[Event "ICS Rated blitz match"]
[Site "204.178.125.65"]
[Date "1999.10.18"]
[Round "?"]
[White "Hossa"]
[Black "rb"]
[Result "1-0"]
[WhiteElo "2483"]
[BlackElo "2421"]
[PlyCount "171"]
[EventDate "1999.??.??"]

1. e4 e5 2. Nf3 Nc6 3. Bb5 a6 4. Ba4 Nf6 5. O-O Be7 6. d3 d6 7. Nc3 O-O 8. Nd5
Nxd5 9. exd5 Nb4 10. d4 e4 11. Nd2 Nxd5 12. Nxe4 Be6 13. Re1 Nb6 14. Bb3 Bxb3
15. axb3 f5 16. Nc3 Bf6 17. Bf4 c6 18. Qd3 Bg5 19. Bxg5 Qxg5 20. Re6 Rae8 21.
Qe2 Rb8 22. Rxd6 Rfe8 23. Re6 Red8 24. Rd1 Kh8 25. Re1 Nd7 26. Qe3 Qxe3 27.
R6xe3 Nf6 28. Rd1 g6 29. Re7 Kg8 30. b4 Kf8 31. Re6 Kf7 32. Re5 Rd7 33. f3 Re8
34. Rxe8 Kxe8 35. Re1+ Kd8 36. Ne2 Nd5 37. c3 Re7 38. Kf2 Kd7 39. Nc1 Rxe1 40.
Kxe1 Ne3 41. g3 Kd6 42. Nd3 Nd5 43. Kd2 Nc7 44. c4 g5 45. f4 Ne6 46. fxg5 Nxd4
47. h4 b5 48. Ke3 Nc2+ 49. Kd2 Nd4 50. cxb5 axb5 51. Nc5 Kd5 52. Kd3 Nf3 53.
Ke3 Nd4 54. Nd7 f4+ 55. gxf4 Nf5+ 56. Kf3 Nxh4+ 57. Kg4 Ng2 58. b3 Ne3+ 59. Kf3
Nc2 60. Nf6+ Ke6 61. Nxh7 Kf5 62. Nf8 Nxb4 63. g6 Nd5 64. g7 Ne7 65. Nd7 Kg6
66. g8=R+ Nxg8 67. Ne5+ Kf6 68. Nxc6 Ne7 69. Nxe7 Kxe7 70. Ke4 Kf6 71. b4 Ke6
72. Kd4 Kd6 73. f5 Kd7 74. Kc5 Ke7 75. Kxb5 Kf6 76. Kc6 Kxf5 77. b5 Ke4 78. b6
Kd3 79. b7 Kd2 80. b8=Q Kc2 81. Qd8 Kc3 82. Kb5 Kb2 83. Qd2+ Kb3 84. Kc5 Ka3
85. Kc4 Ka4 86. Qa2# {rb checkmated} 1-0

[Event "ICS Rated blitz match"]
[Site "204.178.125.65"]
[Date "1999.10.18"]
[Round "?"]
[White "Hossa"]
[Black "rb"]
[Result "0-1"]
[WhiteElo "2507"]
[BlackElo "2397"]
[PlyCount "88"]
[EventDate "1999.??.??"]

1. e4 e5 2. Nf3 Nc6 3. Bb5 a6 4. Ba4 Nf6 5. O-O Be7 6. Re1 b5 7. Bb3 O-O 8. c3
d5 9. exd5 Nxd5 10. Nxe5 Nxe5 11. Rxe5 c6 12. d4 Bd6 13. Re1 Qh4 14. g3 Qh3 15.
Re4 g5 16. f3 Bxg3 17. hxg3 Qxg3+ 18. Kf1 Bh3+ 19. Ke2 Qg2+ 20. Ke1 h5 21. Na3
Rfe8 22. Qe2 Rxe4 23. Qxe4 Kf8 24. c4 bxc4 25. Nxc4 Re8 26. Ne5 f6 27. Qh7 Qg1+
28. Kd2 fxe5 29. Qh6+ Ke7 30. Qxh5 Qe3+ 31. Kd1 Qd3+ 32. Ke1 Qf1+ 33. Kd2 Qg2+
34. Kd1 Qg1+ 35. Kd2 Bf5 36. Ke2 Qg2+ 37. Kd1 Qf1+ 38. Kd2 exd4 39. Ba4 Kd8 40.
Qxe8+ Kxe8 41. Bxc6+ Kd8 42. Bb5 axb5 43. b4 Qf2+ 44. Kd1 44... Bc2# {
Hossa checkmated} 0-1

[Event "ICS Rated blitz match"]
[Site "204.178.125.65"]
[Date "1999.09.15"]
[Round "?"]
[White "Hossa"]
[Black "rb"]
[Result "1-0"]
[WhiteElo "2328"]
[BlackElo "2426"]
[PlyCount "157"]
[EventDate "1999.??.??"]

1. e4 e5 2. Nf3 Nc6 3. Bb5 a6 4. Ba4 Nf6 5. O-O Be7 6. Re1 b5 7. Bb3 O-O 8. c3
d5 9. exd5 Nxd5 10. Nxe5 Nxe5 11. Rxe5 c6 12. d4 Bd6 13. Re4 Bf5 14. Bxd5 cxd5
15. Re3 Qh4 16. h3 h6 17. Nd2 Rae8 18. Nf3 Qh5 19. a4 b4 20. Qf1 bxc3 21. Rxe8
Rxe8 22. Qxa6 cxb2 23. Bxb2 Qg6 24. Ne5 Qe6 25. Rc1 Bxe5 26. Qxe6 fxe6 27. dxe5
Ra8 28. Ra1 Kf7 29. a5 Bd3 30. Bd4 Kg6 31. f3 Kf5 32. Kf2 Bc4 33. Ke3 g5 34.
g4+ Kg6 35. Bc5 Kf7 36. f4 Kg6 37. Ra3 Bf1 38. Kf2 Bc4 39. Kg3 Rc8 40. Bd6
gxf4+ 41. Kxf4 Ba6 42. Rf3 Rc1 43. Kg3 Rg1+ 44. Kf2 Rf1+ 45. Kg2 Rxf3 46. Kxf3
h5 47. Bc5 hxg4+ 48. hxg4 Bf1 49. Be7 Kf7 50. Bf6 Bd3 51. Ke3 Bf1 52. Kd4 Kg6
53. Kc5 Be2 54. Bd8 Kf7 55. Bh4 Bxg4 56. a6 d4 57. Kxd4 Be2 58. a7 Bf3 59. Kc5
Kg6 60. Bf6 Kf5 61. Kd6 Bd5 62. Kc7 Ke4 63. Kb8 Kd4 64. a8=Q Bxa8 65. Kxa8 Ke4
66. Kb7 Kd5 67. Kc7 Kc5 68. Kd7 Kd5 69. Ke7 Ke4 70. Kxe6 Kf3 71. Kf5 Ke3 72. e6
Kd3 73. e7 Kc4 74. e8=Q Kb4 75. Qc6 Kb3 76. Qc5 Ka4 77. Qb6 Ka3 78. Qb5 Ka2 79.
Qb2# {rb checkmated} 1-0

[Event "ICS Rated blitz match"]
[Site "204.178.125.65"]
[Date "1999.09.27"]
[Round "?"]
[White "Hossa"]
[Black "robbok1"]
[Result "1/2-1/2"]
[WhiteElo "2443"]
[BlackElo "2453"]
[PlyCount "249"]
[EventDate "1999.??.??"]

1. e4 c5 2. Nf3 Nc6 3. Nc3 e6 4. d4 cxd4 5. Nxd4 Nf6 6. Ndb5 d6 7. Be2 a6 8.
Nd4 e5 9. Nb3 Be6 10. Bf3 Be7 11. O-O O-O 12. Be3 Na5 13. Nxa5 Qxa5 14. Qd2 Qc7
15. Rfd1 h6 16. a4 Rac8 17. a5 Qc4 18. Kh1 Qb4 19. Qc1 Qc4 20. Ba7 Ra8 21. Bb6
Qc6 22. Qd2 Rfc8 23. Rac1 Kh8 24. Qd3 Kg8 25. Qe2 g6 26. Kg1 Kg7 27. Be3 Qd7
28. Qd2 Rh8 29. Ra1 Rac8 30. Kh1 Qc6 31. Rac1 Bc4 32. Kg1 Be6 33. Rb1 g5 34. g3
Rhe8 35. Rbc1 Rh8 36. Bg2 Bg4 37. f3 Be6 38. Bb6 Nd7 39. Bf2 h5 40. Qe3 h4 41.
gxh4 gxh4 42. Nd5 Bxd5 43. Rxd5 h3 44. Bf1 Rh5 45. f4 Nf6 46. Rd3 Nxe4 47. Bxh3
Rch8 48. Bg2 d5 49. Bxe4 dxe4 50. Qg3+ Kf8 51. Rc3 exf4 52. Qxf4 Rg8+ 53. Kh1
Bd6 54. Rxc6 Bxf4 55. Rc8+ Ke7 56. Rxg8 Bxc1 57. Rg4 Re5 58. Bd4 Re6 59. Bc3
Bh6 60. Rg8 Kd7 61. Rb8 Kc7 62. Rh8 f5 63. Bd4 e3 64. Kg2 e2 65. Bc3 Bc1 66.
Be1 Bxb2 67. Rf8 Bf6 68. Kf3 b5 69. axb6+ Kxb6 70. h4 a5 71. h5 a4 72. Ra8 Re4
73. Ra5 Bb2 74. Rxf5 Re6 75. c4 a3 76. Ra5 Re5 77. Ra4 Kc5 78. h6 Re7 79. Bb4+
Kd4 80. h7 e1=N+ 81. Bxe1 Rf7+ 82. Kg2 Rxh7 83. Bb4 Kxc4 84. Bxa3+ Kb3 85. Bxb2
Kxa4 86. Bd4 Rf7 87. Be5 Kb4 88. Bd6+ Kc4 89. Be5 Kd5 90. Bc3 Ke4 91. Kh2 Rf3
92. Bb4 Kf4 93. Bd6+ Kg4 94. Kg2 Rd3 95. Be7 Rd2+ 96. Kf1 Kf3 97. Kg1 Rg2+ 98.
Kh1 Re2 99. Bf6 Re8 100. Kh2 Rg8 101. Be5 Rg4 102. Kh1 Kf2 103. Bd6 Rg5 104.
Bc7 Rh5+ 105. Bh2 Kf3 106. Kg1 Rg5+ 107. Kh1 Ke4 108. Bd6 Rd5 109. Bb4 Rb5 110.
Bc3 Kf3 111. Bf6 Kg3 112. Bd4 Rb1+ 113. Bg1 Kf4 114. Kg2 Rc1 115. Bh2+ Ke4 116.
Bd6 Rd1 117. Bc5 Rc1 118. Bd6 Re1 119. Kg3 Re2 120. Bc5 Rd2 121. Kg4 Rg2+ 122.
Kh4 Kf4 123. Bd6+ Kf3 124. Bc5 Rg1 125. Bxg1 {
Game drawn because neither player has mating material} 1/2-1/2

[Event "ICS Rated blitz match"]
[Site "204.178.125.65"]
[Date "1999.09.30"]
[Round "?"]
[White "Hossa"]
[Black "robbok1"]
[Result "1/2-1/2"]
[WhiteElo "2488"]
[BlackElo "2473"]
[Annotator "Fritz 5.32 (20s)"]
[PlyCount "151"]
[EventDate "1999.??.??"]

1. b3 e5 2. e3 d5 3. Bb2 Nc6 4. Bb5 Bd6 5. f4 Qh4+ 6. g3 Qe7 7. Nc3 Nf6 8. fxe5
Bxe5 9. Nf3 Bg4 10. Be2 Bd6 11. Nb5 O-O 12. Nxd6 Qxd6 13. Ng5 $146 (13. Nd4
Nxd4 14. Bxd4 Bh3 15. Bf1 Bd7 16. Bg2 c5 17. Bxf6 Qxf6 18. Bxd5 Bg4 19. Qc1
Rad8 20. Bxb7 Rxd2 21. Kxd2 Rd8+ 22. Ke1 Qc3+ 23. Kf1 Rd2 24. Qe1 Bh3+ 25. Kg1
Qxc2 26. Qc1 {0-1 Meszaros,A-Zimmerman,Y/Balatonbereny 1994/EXT 97 (26)}) 13...
Bxe2 14. Qxe2 Rae8 15. O-O-O (15. O-O 15... Ne5 $11) 15... Nd7 (15... d4 16.
Nf3 $11) 16. Qh5 {Droht Matt} 16... h6 17. Nf3 Nf6 18. Qh3 Ne4 (18... Qe6 19.
Qh4 Ne4 20. Rhf1 $11) 19. Rhf1 19... f6 {Staerkt e5} 20. Qf5 Ng5 21. Qg4 $11 (
21. Nxg5 fxg5 22. Qg4 Re4 23. Rxf8+ 23... Qxf8 $14) 21... f5 $14 (21... Nxf3 $5
22. Qxf3 22... a5 $11) 22. Qh5 Nxf3 23. Rxf3 23... Ne7 $16 (23... Qd7 24. Rdf1
$14) 24. Rdf1 $14 (24. g4 fxg4 25. Qxg4 Qg6 26. Rxf8+ 26... Rxf8 $16) 24... Kh7
$16 (24... Qe6 25. h3 $14) 25. g4 g6 26. Qh4 26... g5 $18 (26... Qe6 $5 $16)
27. Qf2 Qa6 (27... f4 28. h4 $1 {ist die Ueberraschung!} 28... Ng6 29. hxg5
hxg5 30. Rh1+ Kg8 31. Rfh3 $18) 28. Kb1 Qb5 (28... Rf7 $18) 29. gxf5 {
Damit entsteht ein starker Freibauer} (29. h4 $5 {
damit wuerde Weiss es sich noch erleichtern} 29... gxh4 30. Qxh4 30... Qc6 $18)
29... Nc6 (29... Rf7 30. Rg1 Rg8 31. d3 $18) 30. f6 Ne5 (30... d4 31. h4 dxe3
32. dxe3 gxh4 33. Rg1 $18 (33. Qxh4 Qb4 34. Rf4 34... Qb5 $18)) 31. Rf5 (31.
Bxe5 {erleichterte Weiss die Gewinnfuehrung} 31... Rxe5 32. Qg3 32... Qe8 $18)
31... Nf7 32. c4 Qd7 33. Rxd5 (33. cxd5 $6 33... Nd6 $18) 33... Qe6 34. Qf3 c6
35. Ra5 (35. Rd4 {gibt noch groesseren Vorteil} 35... Rg8 $18) 35... g4 36. Qf4
a6 37. Ba3 Rg8 38. Be7 Rg5 (38... Ra8 {aendert nichts am Ausgang der Partie}
39. d4 $18) 39. Rxg5 hxg5 40. Qf5+ Qxf5+ 41. Rxf5 Kg6 42. Rf2 Rh8 43. a3 (43.
d4 $5 $142 {ginge schneller} 43... Rh3 44. e4 g3 45. hxg3 45... Rxg3 $18) 43...
Ne5 44. d4 Nf3 45. Bd6 Rh3 46. Be5 $16 (46. d5 $5 $18 $142) 46... Nxe5 47. dxe5
Rf3 48. Re2 Kf5 49. Rg2 Kxe5 50. Kc2 Kxf6 51. Kd3 Kf5 52. Ke2 b6 53. Rg3 Rxg3
54. hxg3 54... Ke4 {Schwarz aktiviert den Koenig} 55. b4 55... b5 $2 $18 (55...
a5 56. c5 56... axb4 $18) 56. c5 Ke5 57. Kd3 Kd5 58. e4+ 58... Ke5 $16 (58...
Ke6 $11 $142 {und Schwarz kann noch kaempfen}) 59. Ke3 Kf6 60. Kd4 Ke6 61. Ke3
Ke5 62. Kd3 Ke6 63. Kd2 Kf7 64. Kc3 Ke6 65. Kd3 Ke5 66. Ke3 Ke6 67. Kd4 Kf6 68.
Kd3 Ke6 69. Kd2 Kf7 70. Ke3 Ke6 71. Kd4 Kf6 72. Kd3 Ke6 73. Ke3 Ke5 74. Kd3 Ke6
75. Ke3 Ke5 76. Kd3 1/2-1/2

[Event "ICS Rated blitz match"]
[Site "204.178.125.65"]
[Date "1999.09.06"]
[Round "?"]
[White "Hossa"]
[Black "salzi"]
[Result "1-0"]
[WhiteElo "2442"]
[BlackElo "2062"]
[PlyCount "30"]
[EventDate "1999.??.??"]

1. e4 c5 2. Ne2 Nc6 3. Nbc3 d6 4. Ng3 e5 5. Bc4 Be6 6. Bxe6 fxe6 7. O-O Nf6 8.
f4 exf4 9. Nh5 g6 10. Nxf4 Qe7 11. Nb5 O-O-O 12. d3 Bg7 13. c4 a6 14. Nc3 Kb8
15. Nce2 15... h5 {salzi resigns} 1-0

[Event "ICS Rated blitz match"]
[Site "204.178.125.65"]
[Date "1999.09.18"]
[Round "?"]
[White "Hossa"]
[Black "sega"]
[Result "1-0"]
[WhiteElo "2524"]
[BlackElo "2151"]
[Annotator "Fritz 5.32 (20s)"]
[PlyCount "87"]
[EventDate "1999.??.??"]

1. e4 1... e5 {Opening = C71 - 4.Ba4 d6 5.---} 2. Nf3 Nc6 3. Bb5 a6 4. Ba4 d6
5. d3 Bd7 6. O-O (6. c4 g6 7. Nc3 Bg7 8. Nd5 Nce7 9. Bxd7+ Qxd7 10. Be3 Nxd5
11. cxd5 Nf6 12. O-O O-O 13. Rc1 Rfc8 14. Re1 c5 15. dxc6 Rxc6 16. h3 Rac8 17.
Rxc6 Qxc6 18. Qb3 Qb5 19. Qxb5 axb5 20. Rc1 Rxc1+ 21. Bxc1 Kf8 22. Kf1 Ke7 23.
Ke2 Nd7 24. g4 Nc5 25. Ne1 Ne6 26. Nc2 Kd7 27. Be3 d5 28. Nb4 d4 29. Bd2 Bf6
30. Nd5 {- Luecke,N-Porper,E/Borsodtavho 1991/CBM 23 ext (30)}) 6... g6 $146 (
6... Nf6 7. c3 Be7 8. Re1 O-O 9. Nbd2 Qc8 10. Nf1 Bd8 11. Ng3 Ne7 12. Bxd7 Qxd7
13. d4 Ng6 14. Qb3 b6 15. d5 h6 16. c4 Nh7 17. Qc3 Ne7 18. b4 f5 19. exf5 Nxf5
20. c5 Nf6 21. Qc4 {
Pirklova,H-Martinkova,M/Svetla nad Sazavou 1998/EXT 99/1-0 (47)}) 7. Nc3 Bg7 8.
Bxc6 Bxc6 9. Ne1 Ne7 10. f4 exf4 11. Bxf4 O-O 12. d4 Qd7 13. d5 $15 {
Weiss erobert Raum} (13. Nf3 13... Rae8 $11) 13... Bb5 14. Nd3 14... Rad8 $11 (
14... f5 15. e5 $17) 15. Nxb5 axb5 16. Bg5 16... f6 {Verwehrt dem Gegner e5}
17. Bh4 c6 18. c3 cxd5 19. exd5 Nxd5 20. Qb3 Qf7 21. Rae1 Rde8 22. Bg3 Ne3 23.
Qxf7+ Kxf7 24. Bxd6 Nxf1 25. Bxf8 Rxe1 26. Nxe1 Kxf8 27. Kxf1 f5 28. Nd3 Ke7
29. Kf2 Kd6 30. h4 h6 31. Kf3 g5 32. h5 Kd5 33. Nb4+ {
Weiss fuehrt die Partie kraftvoll zu Ende} 33... Kc4 {
Aktiver Koenig im Endspiel} 34. Nc2 34... Be5 $4 $18 {
gibt den Vorteil aus der Hand} (34... Kd3 $142 {
war die einzige Moeglichkeit, noch zu kaempfen} 35. Nb4+ 35... Kd2 $11) 35.
Ne3+ Kd3 36. Nxf5 Kc2 37. Ke4 37... Bh8 $2 (37... Bf6 $18 $142) 38. b3 (38.
Nxh6 $5 {erleichterte Weiss die Gewinnfuehrung} 38... Kxb2 39. Nf7 39... Bg7
$18) 38... Kb2 39. c4 b4 (39... Kxa2 40. cxb5 (40. Nxh6 $6 40... b4 41. Nf7
41... Kxb3 $14) 40... Kxb3 41. Nxh6 $18) 40. Kd3 (40. Nxh6 Kxa2 41. Nf7 41...
Kxb3 $11) 40... Kxa2 41. Kc2 (41. Nxh6 $6 {waere weniger gut} 41... Kxb3 42.
Nf7 42... g4 $11) 41... g4 42. Nxh6 g3 43. Nf7 (43. Nf5 $5 {
und Weiss haette es noch leichter} 43... Be5 $18) 43... Bc3 44. h6 {
Weiss droht stark c5} (44. h6 b6 45. Nd6 $18) 1-0

[Event "ICS Rated blitz match"]
[Site "204.178.125.65"]
[Date "1999.09.04"]
[Round "?"]
[White "Hossa"]
[Black "tacticmonster"]
[Result "1-0"]
[WhiteElo "2476"]
[BlackElo "2193"]
[PlyCount "57"]
[EventDate "1999.??.??"]

1. e4 e6 2. d4 d5 3. Nc3 Bb4 4. e5 c5 5. a3 Bxc3+ 6. bxc3 Ne7 7. Bd3 Qa5 8. Bd2
Nbc6 9. Nf3 Bd7 10. Ng5 Qa4 11. Qh5 g6 12. Qh6 c4 13. Qg7 O-O-O 14. Nxf7 Rhg8
15. Qxh7 cxd3 16. Nxd8 Rxd8 17. cxd3 Qc2 18. Qh3 Na5 19. Rc1 Qb2 20. Rd1 Nb3
21. Qe3 Nf5 22. Qg5 Rh8 23. O-O Qc2 24. Be3 Qxc3 25. Rc1 Nxc1 26. Rxc1 Qxc1+
27. Bxc1 Nxd4 28. Bb2 Nf5 29. Qxg6 {tacticmonster resigns} 1-0

[Event "ICS Rated blitz match"]
[Site "204.178.125.65"]
[Date "1999.09.12"]
[Round "?"]
[White "Hossa"]
[Black "toothfairy"]
[Result "1/2-1/2"]
[WhiteElo "2495"]
[BlackElo "2104"]
[PlyCount "175"]
[EventDate "1999.??.??"]

1. d4 Nf6 2. c4 d6 3. Nc3 g6 4. e4 Bg7 5. Be2 O-O 6. Nf3 Bg4 7. O-O Bxf3 8.
Bxf3 e5 9. d5 a5 10. Bg5 Nbd7 11. Qd2 Nc5 12. Bh6 Bxh6 13. Qxh6 Kh8 14. Qh3 Qc8
15. Qh4 Ng8 16. Be2 Qd8 17. Qg3 f5 18. f4 exf4 19. Rxf4 fxe4 20. Nxe4 Rxf4 21.
Qxf4 Nxe4 22. Qxe4 Qe7 23. Qxe7 Nxe7 24. Re1 Kg7 25. Bg4 Ng8 26. Be6 Re8 27. g4
g5 28. b3 Nf6 29. Kf2 b6 30. a4 Rf8 31. Ke3 h5 32. gxh5 Nxh5 33. Rg1 Kh6 34.
Rg4 Re8 35. h4 gxh4 36. Rxh4 Kg5 37. Rg4+ Kf6 38. Kd3 Ng7 39. Bd7 Re7 40. Bc6
Nf5 41. Kd2 Rh7 42. Re4 Rh3 43. Rf4 Rh2+ 44. Kc3 Ke5 45. Rf3 Ke4 46. Rd3 Ne3
47. Rd2 Rxd2 48. Kxd2 Kd4 49. Bd7 Nf1+ 50. Kc2 Ng3 51. Be6 Ke3 52. Bf7 Ne2 53.
Be8 Nd4+ 54. Kb2 Kd2 55. Bd7 Ne2 56. Bg4 Nf4 57. Bf5 Ng2 58. Be4 Ne3 59. Bg6
Nd1+ 60. Ka1 Kc3 61. Ka2 Nf2 62. Bh5 Nd3 63. Ka3 Nc1 64. Bd1 Kd2 65. Bg4 Kc2
66. b4 Kc3 67. bxa5 bxa5 68. Bd7 Kxc4 69. Bb5+ Kc3 70. Be8 Ne2 71. Bc6 Nf4 72.
Ka2 Kc4 73. Bd7 Nxd5 74. Be6 Kc5 75. Kb3 Nb6 76. Bf7 d5 77. Be8 d4 78. Bf7 c6
79. Be6 Nxa4 80. Kxa4 d3 81. Bg4 Kd4 82. Bf3 c5 83. Ka3 c4 84. Ka2 c3 85. Bg4
c2 86. Kb2 a4 87. Bf5 a3+ 88. Kb3 {
toothfairy ran out of time and Hossa has no material to mate} 1/2-1/2

[Event "ICS Rated blitz match"]
[Site "204.178.125.65"]
[Date "1999.09.16"]
[Round "?"]
[White "Hossa"]
[Black "toothfairy"]
[Result "1-0"]
[WhiteElo "2473"]
[BlackElo "2081"]
[PlyCount "45"]
[EventDate "1999.??.??"]

1. f4 d5 2. Nf3 Bf5 3. Nc3 e6 4. e3 Nd7 5. Be2 Ngf6 6. Nh4 Bg6 7. O-O Ne4 8.
Nxg6 hxg6 9. Nxe4 dxe4 10. d3 exd3 11. cxd3 Bc5 12. d4 Bb6 13. Rf3 Nf6 14. Bd2
Kf8 15. a4 a6 16. a5 Ba7 17. Qb3 Rb8 18. Bd3 c6 19. Rc1 Kg8 20. Bxg6 fxg6 21.
Qxe6+ Kf8 22. Bb4+ c5 23. Rxc5 {toothfairy resigns} 1-0

[Event "ICS Rated blitz match"]
[Site "204.178.125.65"]
[Date "1999.10.04"]
[Round "?"]
[White "Hossa"]
[Black "topolino"]
[Result "0-1"]
[WhiteElo "2349"]
[BlackElo "2569"]
[PlyCount "123"]
[EventDate "1999.??.??"]

1. e4 c6 2. d4 d5 3. Nc3 dxe4 4. Nxe4 Nd7 5. Bc4 Ngf6 6. Ng5 e6 7. Ne2 h6 8.
Nf3 Bd6 9. O-O Qc7 10. Re1 O-O 11. c3 e5 12. Ng3 exd4 13. cxd4 Nb6 14. Be2 Re8
15. Bd2 Bg4 16. Rc1 Ne4 17. Ba5 Nxg3 18. fxg3 Be6 19. a4 Rad8 20. Bd3 Re7 21.
Qc2 Kh8 22. Qf2 Rde8 23. Ne5 Qd8 24. Ra1 Qb8 25. b4 Bxe5 26. dxe5 Nd7 27. b5
Nxe5 28. Bc2 Ng4 29. Qf3 Qd6 30. Qc3 c5 31. Rad1 Bd5 32. Rxe7 Qxe7 33. Rxd5 b6
34. Bd1 Qe6 35. Qd2 Ne3 36. Rd7 bxa5 37. Rxa7 Nc4 38. Qf4 Qe1+ 39. Qf1 Qd2 40.
Rxf7 Ne3 41. Qe2 Qxd1+ 42. Qxd1 Nxd1 43. h4 Nc3 44. Ra7 Nxa4 45. Rxa5 Nb6 46.
Ra6 Rb8 47. Ra3 Nd5 48. Ra5 c4 49. Kh2 c3 50. b6 c2 51. Rc5 Nb4 52. b7 Rxb7 53.
Rc8+ Kh7 54. g4 Rb6 55. Rc4 Rc6 56. Rxb4 c1=Q 57. Re4 Rb6 58. h5 Qc7+ 59. g3
Qc2+ 60. Kh3 Qxe4 61. g5 Qh1+ 62. Kg4 {Hossa resigns} 0-1

[Event "ICS Rated blitz match"]
[Site "204.178.125.65"]
[Date "1999.10.04"]
[Round "?"]
[White "Hossa"]
[Black "topolino"]
[Result "0-1"]
[WhiteElo "2371"]
[BlackElo "2554"]
[PlyCount "97"]
[EventDate "1999.??.??"]

1. e4 e5 2. Nf3 Nc6 3. Bb5 a6 4. Ba4 d6 5. O-O Bd7 6. c4 g6 7. d4 Bg7 8. Bxc6
Bxc6 9. Nc3 exd4 10. Nxd4 Bd7 11. Nd5 b5 12. cxb5 axb5 13. Bg5 Qb8 14. Qd2 Ra4
15. Nf3 h6 16. Bf4 g5 17. Rac1 c6 18. Nc3 gxf4 19. Nxa4 bxa4 20. Rc2 Ne7 21.
Rb1 d5 22. Rd1 Bg4 23. exd5 cxd5 24. Qe2 Qb7 25. Rdc1 Qb4 26. Rc7 Kf8 27. a3
Qe4 28. Qb5 Bf6 29. Re1 Qg6 30. Ne5 Bxe5 31. Rxe5 Bh3 32. Kf1 Qxg2+ 33. Ke1
Qg1+ 34. Kd2 Qxf2+ 35. Re2 Qd4+ 36. Kc1 Be6 37. Qb8+ Kg7 38. Qa7 Nc6 39. Qa6
Qg1+ 40. Kd2 Ne5 41. Qxe6 Nf3+ 42. Kc3 Qc1+ 43. Kb4 Qxc7 44. Qa6 Nd4 45. Rg2+
Kh7 46. Qd3+ f5 47. Qb5 Qe7+ 48. Ka5 Ra8+ 49. Qa6 {Hossa resigns} 0-1

[Event "ICS Rated blitz match"]
[Site "204.178.125.65"]
[Date "1999.09.27"]
[Round "?"]
[White "Hossa"]
[Black "vitsi"]
[Result "1-0"]
[WhiteElo "2470"]
[BlackElo "2222"]
[PlyCount "79"]
[EventDate "1999.??.??"]

1. d4 Nf6 2. c4 g6 3. Nc3 Bg7 4. e4 d6 5. Be2 O-O 6. Bg5 c6 7. Nf3 Bg4 8. O-O
Nbd7 9. Qb3 Qb6 10. Qxb6 axb6 11. Rad1 h6 12. Be3 Rfd8 13. Rd2 Bxf3 14. Bxf3 e5
15. d5 Nc5 16. dxc6 bxc6 17. b4 Na4 18. Nxa4 Rxa4 19. Bxb6 Rd7 20. Ba5 c5 21.
Rb1 cxb4 22. Bxb4 Ne8 23. Bd1 Ra8 24. Rb3 Nc7 25. Bg4 f5 26. exf5 h5 27. Bf3
Rb8 28. fxg6 Bf8 29. Bxh5 Na6 30. Ba3 Rxb3 31. axb3 Rb7 32. Bd1 Nb4 33. Bxb4
Rxb4 34. h4 Kg7 35. h5 Be7 36. Rd5 Kh6 37. g4 Rb8 38. Kg2 Rf8 39. Kg3 Kg5 40.
c5 {vitsi resigns} 1-0

[Event "ICS Rated blitz match"]
[Site "204.178.125.65"]
[Date "1999.09.06"]
[Round "?"]
[White "Hossa"]
[Black "zugi"]
[Result "1-0"]
[WhiteElo "2449"]
[BlackElo "1930"]
[PlyCount "77"]
[EventDate "1999.??.??"]

1. Nf3 c5 2. e4 d6 3. d4 cxd4 4. Nxd4 Nf6 5. Bb5+ Bd7 6. Nc3 a6 7. Bxd7+ Nbxd7
8. Bg5 g6 9. Rc1 Bg7 10. O-O O-O 11. Nd5 Rc8 12. c4 h6 13. Bxf6 Nxf6 14. Nxf6+
Bxf6 15. Qd2 Qb6 16. Nf3 Rc7 17. b3 Bg7 18. Rfd1 Rfc8 19. Qf4 Qa5 20. a4 Qh5
21. Rd5 g5 22. Qg3 Qg6 23. Re1 Rc5 24. Kh1 b5 25. axb5 axb5 26. cxb5 Rxd5 27.
exd5 Bf6 28. b6 Rb8 29. Qg4 Rxb6 30. Qc8+ Kg7 31. Qc4 h5 32. Rxe7 Qb1+ 33. Re1
Qxb3 34. Qe4 g4 35. Nd4 Qb4 36. Nf5+ Kg8 37. Qe8+ Kh7 38. Qxf7+ Kh8 39. Re8# {
zugi checkmated} 1-0

[Event "ICS Rated blitz match"]
[Site "204.178.125.65"]
[Date "1999.09.22"]
[Round "?"]
[White "IWink"]
[Black "Hossa"]
[Result "0-1"]
[WhiteElo "2067"]
[BlackElo "2136"]
[PlyCount "106"]
[EventDate "1999.??.??"]

1. c4 c5 2. e3 Nc6 3. Nc3 e5 4. d3 Nf6 5. g3 d5 6. cxd5 Nxd5 7. a3 Nxc3 8. bxc3
Bd6 9. Bg2 O-O 10. Ne2 Be6 11. c4 Qd7 12. O-O Bh3 13. Rb1 Bxg2 14. Kxg2 Rad8
15. Nc3 Bb8 16. Nd5 b6 17. Qa4 Rfe8 18. e4 Kh8 19. Be3 Re6 20. Qc2 f6 21. f3
Kg8 22. Rb2 Ree8 23. Rfb1 Qc8 24. Qf2 Rd6 25. Bd2 Qa6 26. Ra2 Rf8 27. Bc3 f5
28. Qe2 Rd7 29. a4 Rdf7 30. a5 fxe4 31. dxe4 Rxf3 32. axb6 Rf2+ 33. Qxf2 Rxf2+
34. Rxf2 Qxc4 35. Re1 axb6 36. Kg1 b5 37. Ref1 Bd6 38. Nb6 Qxc3 39. Nd7 Qe3 40.
Kh1 Qxe4+ 41. Kg1 h5 42. Rf6 Qd4+ 43. R6f2 Be7 44. Nb6 Qd8 45. Nc4 bxc4 46. Rc1
Qd4 47. Kg2 c3 48. Rfc2 Qe4+ 49. Kf2 Bg5 50. Rxc3 Bd2 51. Rxc5 Be3+ 52. Ke2
Nd4+ 53. Kf1 53... Qh1# {IWink checkmated} 0-1

[Event "ICS Rated blitz match"]
[Site "204.178.125.65"]
[Date "1999.10.18"]
[Round "?"]
[White "JSBach"]
[Black "Hossa"]
[Result "0-1"]
[WhiteElo "1971"]
[BlackElo "2517"]
[PlyCount "86"]
[EventDate "1999.??.??"]

1. d4 d5 2. Bg5 Nd7 3. Nf3 f6 4. Bd2 e5 5. dxe5 fxe5 6. Nc3 Ngf6 7. Bg5 d4 8.
Nd5 Bc5 9. e4 h6 10. Bxf6 gxf6 11. Nd2 c6 12. Qh5+ Kf8 13. b4 Bd6 14. Nc4 Bb8
15. Bd3 cxd5 16. exd5 b5 17. Na3 Nb6 18. Nxb5 a6 19. Na3 Nxd5 20. Be4 Be6 21.
O-O Bf7 22. Qf5 Ra7 23. Bxd5 Bxd5 24. f3 Rg8 25. Qh5 Kg7 26. f4 Qe8 27. Qh4 Qg6
28. Rf2 Rb7 29. Re1 Kh8 30. f5 Qg5 31. Qh3 Rxb4 32. c3 dxc3 33. Qxc3 Qxg2+ 34.
Rxg2 Rxg2+ 35. Kf1 Rf4+ 36. Qf3 Bxf3 37. Rd1 Bd5+ 38. Ke1 Rg1+ 39. Ke2 Re4+ 40.
Kf3 Ree1+ 41. Rxd5 e4+ 42. Kf2 Ba7+ 43. Rc5 43... Bxc5# {JSBach checkmated} 0-1